| 000 | 00408nam a22001817a 4500 | ||
|---|---|---|---|
| 999 |
_c11586 _d11586 |
||
| 003 | OSt | ||
| 008 | 221115b ||||| |||| 00| 0 eng d | ||
| 020 | _a9781543345353 | ||
| 082 | _a615.1 KHS | ||
| 100 | _aKHURANA,SPS | ||
| 245 | _aSocial Pharmacy | ||
| 250 | _aED | ||
| 260 |
_aNew Delhi _bS.Vikas _c2022 |
||
| 300 | _a196 | ||
| 650 | _aSocial Pharmacy | ||
| 700 | _aSINGH,Jasbir | ||
| 942 |
_2ddc _cBK _03 |
||